00469nam a22001577a 450000500170000001000150001702000260003203500140005803700130007208200080008510000230009324500490011626000400016527000850020530000210029020190715111134.0 aENG-125912 a9789352766369c195.00 aEN-109444 bDBAD/PUB a881 aMittal, Akanksha G aThe sound of silence /cby Akanksha G Mittal aNoidabOm Books Internationalc2018 aA-12, Sector 64bNoida, Uttar Pradeshe201301k91-11-23278091msales@ombooks.com a157p.c20cm(pbk)